Statistiques concernant Paroles : Pour un infidèle de Coeur de Pirate et Julien Doré

Cliquez ici pour prendre le quiz!

Statistiques générales

  • Ce quiz a été pris 183 fois
  • Le résultat moyen est 147 sur 177

Statistiques - réponses

Réponse% Correct
le
98%
Et
97%
a
96%
en
96%
me
96%
la
95%
Tes
95%
tes
95%
tu
95%
De
94%
de
94%
dans
93%
Les
93%
les
93%
plus
92%
que
92%
Que
92%
lèvres
91%
mes
90%
ce
89%
encore
89%
fais
89%
Ses
89%
ses
89%
tremblent
87%
danse
86%
doucement
86%
Tout
86%
tout
86%
D'autres
85%
entrent
85%
filles
85%
histoires
85%
je
85%
avance
84%
notre
84%
voir
84%
coeur
83%
fort
83%
idylle
82%
douces
81%
mon
80%
murmure
80%
Qu'un
79%
t'a
79%
pour
78%
Qu'à
78%
qu'elle
78%
bas
77%
Elle
77%
il
77%
son
76%
ton
76%
autre
75%
lit
75%
par
75%
est
74%
lui
74%
main
74%
yeux
74%
C'est
73%
n'y
73%
toutes
73%
si
72%
qu'une
71%
jour
70%
pris
70%
prend
69%
demain
68%
fin
68%
murmures
67%
sait
67%
j'aime
66%
l'assures
65%
mensonges
65%
moins
65%
nouveau
65%
qu'on
65%
rappelle
65%
Sous
65%
parce
64%
fut
63%
vibre
63%
inquiétudes
62%
promets
62%
combat
61%
l'homme
59%
sûrement
58%
calmer
56%
craintes
55%
poids
55%
porte
52%
s'amplifient
50%
semble
48%
défaites
44%

Distribution des résultats

Percentile par nombre de réponses

% des personnes avec chaque résultat

Votre développement - résultats

Vous n’avez pas pris ce quiz